000 00349nam a2200121Ia 4500
005 20251222144728.0
008 251222s9999||||xx |||||||||||||| ||spa||
082 _a355.021.985/M29
100 _aMauceri, Philip
245 0 _aMilitares: Insurgencia y Democratización en el Perú, 1980-1988
264 _bInstituto de Estudios Peruanos
942 _cLIB
999 _c18463
_d18463